Statistics for Siege of Gondor Quiz

Click here to take the quiz!

General Stats

  • This quiz has been taken 896 times
  • The average score is 4 of 10

Answer Stats

HintAnswer% Correct
The Steward of Gondor at the beginning of the siegeDenethor
97%
Fortress from which the main host issuedMinas Morgul
61%
Missiles thrown into the city, less ruinous but more horribleheads
58%
The weak point of the high and impenetrable wallgate
42%
The weapon used against this weak pointGrond
37%
Lord of Dol Amroth who came to reinforce Minas TirithPrince Imrahil
35%
Guard of the Citadel who befriends PippinBeregond
29%
The former name of Minas TirithMinas Anor
28%
This land is where Forlong the Fat was lordLossarnach
10%
Structure to which the city's walls were comparedOrthanc
7%

Score Distribution

Percentile by Number Answered

Percent of People with Each Score

Your Score History

You have not taken this quiz